|
|
|
|
| LEADER |
00000nam0a2200000 4500 |
| 001 |
197923 |
| 005 |
20231031183644.0 |
| 010 |
|
|
|a 502024385X
|
| 020 |
|
|
|a RU
|b 89-39375
|
| 035 |
|
|
|a (RuTPU)RU\TPU\book\215888
|
| 090 |
|
|
|a 197923
|
| 100 |
|
|
|a 20110620d1989 k y0rusy5003 ca
|
| 101 |
0 |
|
|a rus
|
| 102 |
|
|
|a RU
|
| 105 |
|
|
|a y z 001zy
|
| 200 |
1 |
|
|a Технологические и технические модули автоматизированных производств (системный подход к проблеме)
|f А. Е. Бор-Раменский
|g Академия наук СССР (АН СССР), Ленинградский институт информатики и автоматизации ; отв. ред. В. М. Пономарев
|
| 210 |
|
|
|a Ленинград
|c Наука
|d 1989
|
| 215 |
|
|
|a 227,[1] с.
|c ил.
|
| 320 |
|
|
|a Библиогр.: с. 219-226 (194 назв.).
|
| 610 |
1 |
|
|a гибкие производственные системы
|
| 610 |
1 |
|
|a системные методы
|
| 610 |
1 |
|
|a интегрированные производственные комплексы
|
| 675 |
|
|
|a 658.52.011.56.012.3
|z rus
|
| 700 |
|
1 |
|a Бор-Раменский
|b А. Е.
|g Арнольд Евгеньевич
|4 070
|
| 702 |
|
1 |
|a Пономарев
|b В. М.
|4 340
|
| 712 |
0 |
2 |
|a Академия наук СССР (АН СССР)
|b Ленинградский институт информатики и автоматизации
|c (1985-1992)
|2 stltpush
|3 (RuTPU)RU\TPU\col\7402
|
| 801 |
|
0 |
|a RU
|b RuMRKP
|c 19950417
|g psbo
|
| 801 |
|
1 |
|a RU
|b 63413507
|c 20110620
|
| 801 |
|
2 |
|a RU
|b 63413507
|c 20140313
|g RCR
|
| 942 |
|
|
|c BK
|